GENERAL,ORGANIC AND BIOCHEMISTRY (Record no. 216203)

MARC details
000 -LEADER
fixed length control field 00519nam a22001937a 4500
008 - FIXED-LENGTH DATA ELEMENTS--GENERAL INFORMATION
fixed length control field 251118b |||||||| |||| 00| 0 eng d
020 ## - INTERNATIONAL STANDARD BOOK NUMBER
International Standard Book Number 978-1-133-10911-2
050 ## - LIBRARY OF CONGRESS CALL NUMBER
Classification number QD 31.2.B48 I58 2013
Item number C.1
100 ## - MAIN ENTRY--PERSONAL NAME
Personal name BETTELHEIM FREDERICK
245 ## - TITLE STATEMENT
Title GENERAL,ORGANIC AND BIOCHEMISTRY
250 ## - EDITION STATEMENT
Edition statement TENTH EDITION
260 ## - PUBLICATION, DISTRIBUTION, ETC.
Place of publication, distribution, etc. USA
Name of publisher, distributor, etc. MARY FINCH
300 ## - PHYSICAL DESCRIPTION
Extent V11-627P.
500 ## - GENERAL NOTE
General note IT HAS BIBLIOGRAPHIC DATA
650 ## - SUBJECT ADDED ENTRY
Topical term or geographic name entry element CHEMISTRY
700 ## - ADDED ENTRY--PERSONAL NAME
Personal name BETTERHEIM FREDERICK
942 ## - ADDED ENTRY ELEMENTS (KOHA)
Source of classification or shelving scheme Library of Congress Classification
Koha item type Long Loan Book

No items available.